11 atores mais indicados ao Oscar - Statistics

Estatísticas Gerais
  • Esse quiz foi jogado 173 vezes
  • A pontuação média é 4 de 11
Estatísticas das Respostas
Poisção Indicações Ator % Correto
4 8 Al Pacino
80%
5 7 Robert De Niro
68%
4 8 Marlon Brando
66%
1 12 Jack Nicholson
60%
5 7 Dustin Hoffman
25%
3 9 Paul Newman
23%
4 8 Jack Lemmon
14%
4 8 Peter O'Toole
12%
2 10 Laurence Olivier
10%
3 9 Spencer Tracy
8%
5 7 Richard Burton
2%
Nenhum quiz correspondente encontrado
Distribuição das Pontuações
Porcentagem de Pessoas com Cada Pontuação
Percentil de Números Respondidos
Sua Pontuação Histórica
Você não jogou esse quiz